Statistiques concernant Ville à pays n°39

Cliquez ici pour prendre le quiz!

Statistiques générales

  • Ce quiz a été pris 111 fois
  • Le résultat moyen est 12 sur 15

Statistiques - réponses

VillePays% Correct
GrenobleFrance
98%
TallinnEstonie
96%
MinskBiélorussie
94%
GlasgowRoyaume-Uni
93%
ChisinauMoldavie
91%
GuangzhouChine
85%
GdanskPologne
85%
MurcieEspagne
81%
GuantanamoCuba
74%
GroznyRussie
70%
GaboroneBotswana
65%
KlagenfurtAutriche
64%
AgraInde
55%
GroninguePays-bas
54%
GalvestonÉtats-Unis
52%

Distribution des résultats

Percentile par nombre de réponses

% des personnes avec chaque résultat

Votre développement - résultats

Vous n’avez pas pris ce quiz